000 00250 a2200109 4500
001 51049
040 _cAnchieta - Pituba
240 1 0 _aTrinta anos do Colégio Anchieta
_l
245 1 0 _aTrinta anos do Colégio Anchieta
650 4 _aMúsica
942 _cMX
999 _c51049
_d51049